01221nam a2200265 i 4500001000700000003000900007005001700016007000200033008004100035035001900076040003600095245020300131246010500334260003000439300002000469336002900489337003500518338002900553650003700582700003100619852014600650942001800796999001900814952012200833197068ES-MaACL20250331181152.0t250328s1949 fr 000 0 fre d aRebiun35858610 aBUSC bglg dARCHIDOCcES-MaACL00aNouveau précis de pathologie chirurgicale. nTome I,bPathologie générale, pathologie tissulaire générale, affections des membres et des ceintures / cJ. Patel, secrétaire de rédaction aPathologie générale, pathologie tissulaire générale, affections des membres et des ceintures aParis : bMasson, c1949. a687 p. ;c22 cm aTexto btxt 2rdacontent asen mediación bn 2rdamedia avolume bnc 2rdacarrier17aPatología quirúrgica9136666 aPatel, Jean-Claude9239916 aES-MaACLbR.30159bR.M.5895cSVIjD-6300fSello en tinta azul de la Biblioteca del Ateneo de Madrid.9204911xEncuadernación en tela verde. n0cMONOGRAFIA c197068d197068 00102udc4070aATENEOMbATENEOMcSVId2025-03-28l0oD-6300p101229760r2025-03-28 00:00:00w2025-03-28yMONOGRAFIA